The S.M OTIENO CASE (Record no. 3514)

MARC details
000 -LEADER
fixed length control field 05397cam a22005417i 4500
001 - CONTROL NUMBER
control field 20818137
003 - CONTROL NUMBER IDENTIFIER
control field OSt
005 - DATE AND TIME OF LATEST TRANSACTION
control field 20230703163136.0
008 - FIXED-LENGTH DATA ELEMENTS--GENERAL INFORMATION
fixed length control field 190122t20142014xxuabe 000 0 eng d
010 ## - LIBRARY OF CONGRESS CONTROL NUMBER
LC control number 2018303300
016 7# - NATIONAL BIBLIOGRAPHIC AGENCY CONTROL NUMBER
Record control number 016715277
Source Uk
020 ## - INTERNATIONAL STANDARD BOOK NUMBER
International Standard Book Number 9781941806227
020 ## - INTERNATIONAL STANDARD BOOK NUMBER
International Standard Book Number 1941806228
035 ## - SYSTEM CONTROL NUMBER
System control number (OCoLC)ocn880403753
040 ## - CATALOGING SOURCE
Original cataloging agency SISPL
Language of cataloging eng
Transcribing agency SISPL
Description conventions rda
Modifying agency BTCTA
-- YDXCP
-- UKMGB
-- BDX
-- OCLCO
-- OCLCF
-- IBZ
-- OCLCQ
-- IBS
-- OCL
-- COO
-- ZCU
-- A7U
-- CNGUL
-- OCLCQ
-- OCLCA
-- DLC
042 ## - AUTHENTICATION CODE
Authentication code lccopycat
050 00 - LIBRARY OF CONGRESS CALL NUMBER
Classification number NA6230
Item number .H585 2014
082 04 - DEWEY DECIMAL CLASSIFICATION NUMBER
Classification number 344.6
Edition number 23
Item number O.J.W
245 00 - TITLE STATEMENT
Title The S.M OTIENO CASE
246 3# - VARYING FORM OF TITLE
Title proper/short title HOK :
Remainder of title tall buildings
246 3# - VARYING FORM OF TITLE
Title proper/short title Hellmuth, Obata + Kassabaum :
Remainder of title tall buildings
246 30 - VARYING FORM OF TITLE
Title proper/short title Tall buildings
250 ## - EDITION STATEMENT
Edition statement First edition.
264 #1 - PRODUCTION, PUBLICATION, DISTRIBUTION, MANUFACTURE, AND COPYRIGHT NOTICE
Place of production, publication, distribution, manufacture [United States] :
Name of producer, publisher, distributor, manufacturer ORO Editions,
Date of production, publication, distribution, manufacture, or copyright notice [2014]
264 #4 - PRODUCTION, PUBLICATION, DISTRIBUTION, MANUFACTURE, AND COPYRIGHT NOTICE
Date of production, publication, distribution, manufacture, or copyright notice ©2014
300 ## - PHYSICAL DESCRIPTION
Extent 192P
Other physical details color illustrations, map, plans (some color) ;
Dimensions 25 cm
336 ## - CONTENT TYPE
Content type term text
Content type code txt
Source rdacontent
337 ## - MEDIA TYPE
Media type term unmediated
Media type code n
Source rdamedia
338 ## - CARRIER TYPE
Carrier type term volume
Carrier type code nc
Source rdacarrier
505 0# - FORMATTED CONTENTS NOTE
Formatted contents note Abaad Tower -- Abu Dhabi National Oil Company Headquarters -- Ad Dahna Towers -- 20 Anson Road -- Bakrie Tower -- Baku Flame Towers -- Bank Headquarters for Confidential Client -- Barclays World Headquarters -- Beijing Central Business District Block Z8 -- Beijing Central Business District Block Z15 -- California State Teachers' Retirement System Headquarters -- Capital Market Authority Tower -- Century Square -- Changsha Furong District Dongpailou Complex -- Crystal Tower -- Dubai World Trade Centre -- Greenland Center Southern New City High-Rise -- Greenland Dalian East Harbor Tower -- Hexi CBD Mixed-Use Development -- Hotel competition for confidential client -- IJ-Toren -- Intercontinental Mixed-Use Tower -- Jurong Town Corporation Summit -- Keangnam Hanoi Landmark Tower -- Lotte Mooselon Tower -- 535 Mission Street -- Mongolia Democracy Tower -- Moscow City Plots 17 + 18 -- Nanjing Financial Center -- New Songdo City Mixed-Use Block D23 -- New Songdo City Mixed-Use Residential Block D22 -- Riyadh Mixed-Use Development -- Samba Bank -- Samsung Research and Development Facility 4 -- Sheraton Incheon Hotel in New Songdo City -- Suzhou SIP Tower -- US Bank Tower at 621 Capitol Mall -- West India Quay Tower -- Wuchang Riverside Business District Master Plan + Super High-Rise -- Xiamen International Centre -- Studies of function + form.
520 ## - SUMMARY, ETC.
Summary, etc. HOK Tall Buildings is a visually engaging, accessible reference guide highlighting some of the world's most innovative tall buildings. Written by global design, architecture, engineering and planning firm HOK, the book features creative conceptual designs, projects under construction and built high-rises worldwide. Throughout the book, central themes guiding the design of these tall buildings begin to emerge. These include a focus on creating high-performance, sustainable, iconic, efficient and mixed-use structures that increase the density of urban environments. The global teams at HOK excel at designing intelligent, high-performance tall buildings that become symbols of their time and place. HOK Tall Buildings chronicles the firm's best recent designs for high-rises around the world, including: in Saudi Arabia, an iconic centrepiece that anchors a new office district; in Azerbaijan, a flame-inspired trio of towers that transforms Baku's skyline; in South Korea, an iconic residential gateway to the neighbourhoods of Incheon's dynamic northern district. Each high-rise profiled in the book is designed to blend human need with environmental stewardship, value creation, sense of place, and science and art. Gain insight into the minds and approaches of HOK's global design teams as you peruse floor plans, sketches, renderings and photographs of dozens of dynamic tall buildings. Learn how an integrated design process enables teams to solve profound functional and technical challenges while igniting the imagination. Discover how designers of tall buildings can balance internal functions with the external demands of site, climate, and culture to create memorable, sustainable structures that enrich people's lives. HOK is a global design, architecture, engineering, and planning firm. Through a network of 24 offices worldwide, HOK provides design excellence and innovation to create places that enrich people's lives and help clients succeed. For four consecutive years, Design Intelligence has ranked HOK as a leader in sustainable and high-performance design.
610 20 - SUBJECT ADDED ENTRY--CORPORATE NAME
Corporate name or jurisdiction name as entry element Hellmuth, Obata & Kassabaum.
610 27 - SUBJECT ADDED ENTRY--CORPORATE NAME
Corporate name or jurisdiction name as entry element Hellmuth, Obata & Kassabaum
Source of heading or term fast
Authority record control number (OCoLC)fst00647009
648 #7 - SUBJECT ADDED ENTRY--CHRONOLOGICAL TERM
Chronological term 1900 - 2099
Source of heading or term fast
650 #0 - SUBJECT ADDED ENTRY--TOPICAL TERM
Topical term or geographic name as entry element Tall buildings
Form subdivision Exhibitions.
650 #0 - SUBJECT ADDED ENTRY--TOPICAL TERM
Topical term or geographic name as entry element Architecture, Modern
Chronological subdivision 20th century
Form subdivision Exhibitions.
650 #0 - SUBJECT ADDED ENTRY--TOPICAL TERM
Topical term or geographic name as entry element Architecture, Modern
Chronological subdivision 21st century
Form subdivision Exhibitions.
650 #7 - SUBJECT ADDED ENTRY--TOPICAL TERM
Topical term or geographic name as entry element Tall buildings
Form subdivision Exhibitions.
Source of heading or term cct
650 #7 - SUBJECT ADDED ENTRY--TOPICAL TERM
Topical term or geographic name as entry element Architecture, Modern
Form subdivision Exhibitions.
Geographic subdivision 20th century.
Source of heading or term cct
650 #7 - SUBJECT ADDED ENTRY--TOPICAL TERM
Topical term or geographic name as entry element Architecture, Modern
Form subdivision Exhibitions.
Geographic subdivision 21st century.
Source of heading or term cct
650 #7 - SUBJECT ADDED ENTRY--TOPICAL TERM
Topical term or geographic name as entry element Exhibition catalogs.
Source of heading or term cct
650 #7 - SUBJECT ADDED ENTRY--TOPICAL TERM
Topical term or geographic name as entry element Architecture, Modern.
Source of heading or term fast
Authority record control number (OCoLC)fst00813842
650 #7 - SUBJECT ADDED ENTRY--TOPICAL TERM
Topical term or geographic name as entry element Tall buildings.
Source of heading or term fast
Authority record control number (OCoLC)fst01142303
655 #7 - INDEX TERM--GENRE/FORM
Genre/form data or focus term Exhibition catalogs.
Source of term fast
Authority record control number (OCoLC)fst01424028
906 ## - LOCAL DATA ELEMENT F, LDF (RLIN)
a 7
b cbc
c copycat
d 2
e ncip
f 20
g y-gencatlg
942 ## - ADDED ENTRY ELEMENTS (KOHA)
Source of classification or shelving scheme Dewey Decimal Classification
Koha item type Books
Holdings
Withdrawn status Lost status Source of classification or shelving scheme Damaged status Not for loan Home library Current library Date acquired Total Checkouts Full call number Barcode Date last seen Price effective from Koha item type
    Dewey Decimal Classification     County Hall Archives County Hall Archives 07/03/2023   344.6 O.J.W 10001935 07/03/2023 07/03/2023 Books
LIBRARY OPENING HOURS

When the Parliament is sitting: 8.00a.m - 7.00p.m or until the house adjourns
Mondays and Fridays and when the House is on Recess:  8.00a.m - 5.00p.m
Closed on Weekends and Public Holidays

Online Public Access Catalog (OPAC)
Website: http://www.parliament.go.ke
Bunge Library: https://libraryir.parliament.go.ke
Contact: library@parliament.go.ke | Tel no: (254-2)2221291 or 2848000 Ext 5043